000 00435nam a2200157Ia 4500
008 230718s9999 xx 000 0 und d
041 _aeng
082 _a621.382
_bKIM
100 _aKim K.
_9145083
245 _aHand Book Of CDMA System Design Engineering And Optimization
260 _c2000
_bPrentice Hall Of India
300 _a251
365 _cRs.
_b495.00
700 _aKim K.
_9145083
906 _dB:161208-May-2005
_cETC
_b99
999 _c305798
_d305798